000 00853nam a2200217 a 4500
001 BRCA_8967
005 20190320210456.0
008 240817s1749----it-a######---#000-0#lat-#
041 _alat
044 _ait
084 _aCO3
_b.C53 1749
100 1 _aChambers, Ephraim
_d1680 - 1740
_922271
245 1 0 _aDizionario universale delle arti e delle scienze...
_cdi Efraimo Chambers della Societa´ Reale; traduzione esatta ed intiera dall´ Inglese
260 _aVenezia
_bPresso Giambatista Pasquali
_c1749
300 _a480 p. (t.2)
_bil.
_c27 x 19.5 cm
500 _aCon Licenza de´ Superiori, e Privilegio dell´ Eccellentiss. Senato.
500 _aEstado físico: presenta encuadernación en pergamino con presencia del pez de plata y cantos decorados
650 1 4 _aEnciclopedia y diccionario, Italiano
_922272
902 _aCFM
942 _2lcc
_cB
999 _c8618
_d8618